| 000 | 00625nam a2200205 a 4500 | ||
|---|---|---|---|
| 001 | 000010432 | ||
| 005 | 20240412074218.0 | ||
| 008 | 091007s1997 xxca 000 p spa d | ||
| 020 | _a2980409731 | ||
| 040 |
_aDO-SdBNP _bspa _cBNPHU |
||
| 082 |
_aRD861.44 _bJ826p |
||
| 100 | 1 |
_aJorge Morel, Eucilda _925433 |
|
| 245 | 1 | 0 |
_aLes passions secretes / _cEucilda Jorge Morel ; prefacio Rénald Blouin. |
| 260 |
_aMontréal : _bFourmi Rose, _c1997. |
||
| 300 |
_a87 p. : _bil. ; _c21 cm. |
||
| 650 | 0 |
_aPoesía dominicana _966 |
|
| 650 | 0 |
_aLiteratura dominicana. _967 |
|
| 700 | 1 |
_aBlouin, Rénald, _epref. _925435 |
|
| 049 | _aBNPD | ||
| 999 |
_c10191 _d10191 |
||